[Event "Tourn. n9061"]
[Site "www.chess-mail.com"]
[Date "2017.02.22"]
[Round "1"]
[White "Azulmarino"]
[Black "Lachouette"]
[WhiteElo "1580"]
[BlackElo "1489"]
[Result "1-0"]
[Round "1"]
1.e4 e5
2.Ng1f3 d6
3.Bf1c4 Bc8e6
4.d3 Be6xc4
5.dxc4 Nb8d7
6.Bc1g5 f6
7.Bg5e3 Qd8e7
8.Nb1c3 c5
9.Nc3d5 Qe7d8
10.Nf3h4 Nd7b6
11.Qd1e2 Ng8e7
12.Nh4f5 Ne7xf5
13.exf5 Qd8d7
14.Be3h6 Nb6xd5
15.Bh6d2 g5
16.cxd5 O-O-O
17.g4 a6
18.c4 Bf8g7
19.Bd2a5 Rd8e8
20.O-O Qd7a4
21.Ba5c3 b5
22.b3 Qa4a3
23.Bc3b2 Qa3a5
24.h3 b4
25.a3 Qa5b6
26.a4 a5
27.Rf1e1 Re8e7
28.f3 h5
29.Bb2c1 h4
30.f4 gxf4
31.Bc1xf4 Rh8e8
32.Bf4h2 Bg7h6
33.Qe2f2 e4
34.Bh2f4 Bh6g5
35.Bf4xg5 fxg5
36.f6 Re7e5
37.f7 Re8f8
38.Qf2f6 Qb6d8
39.Qf6g7  { time }
1-0

[Event "Tourn. n9151"]
[Site "www.chess-mail.com"]
[Date "2017.02.22"]
[Round "1"]
[White "Liencam2"]
[Black "Ff333"]
[WhiteElo "2300"]
[BlackElo "2070"]
[Result "1-0"]
[Round "1"]
1.e4 e5
2.Ng1f3 Nb8c6
3.d4 exd4
4.c3 dxc3
5.Bf1c4 cxb2
6.Bc1xb2 f6
7.Qd1b3 Ng8h6
8.Bb2c3 d6
9.Nb1a3 a6
10.O-O-O Qd8e7
11.Rh1e1 Nc6e5
12.Nf3d4 Ne5xc4
13.Na3xc4 Nh6g4
14.f4 Bc8d7
15.Nd4f5 Qe7f7
16.Qb3xb7 Ra8c8
17.Qb7xa6 Bf8e7
18.Nc4e3 Ng4f2
19.Rd1d4 c5
20.Rd4xd6 Bd7xf5
21.Ne3xf5 O-O
22.Rd6d7 Rc8a8
23.Qa6e2 Ra8xa2
24.Nf5xe7 Kh8
25.Ne7g6 hxg6
26.Rd7xf7 Ra2xe2
27.Rf7xf8 Kh7
28.Re1xe2 Nf2d3
29.Kd1 { resign }
1-0

[Event "Tourn. n9076"]
[Site "www.chess-mail.com"]
[Date "2017.02.22"]
[Round "1"]
[White "Falcoale"]
[Black "Julian"]
[WhiteElo "1850"]
[BlackElo "1870"]
[Result "1/2-1/2"]
[Round "1"]
1.e4 c5
2.Ng1f3 Nb8c6
3.b3 d6
4.Bc1b2 e5
5.Nb1c3 Bc8e6
6.Bf1e2 h6
7.O-O Bf8e7
8.Nc3d5 Nc6d4
9.Nf3xd4 cxd4
10.Nd5xe7 Ng8xe7
11.d3 O-O
12.f4 f5
13.fxe5 dxe5
14.exf5 Ne7xf5
15.Be2g4 Qd8g5
16.Bg4xf5 Be6xf5
17.Qd1f3 Bf5g4
18.Qf3xb7 Rf8xf1
19.Ra1xf1 Ra8f8
20.Qb7d5 Kh7
21.Qd5e4 Bg4f5
22.Qe4b7 a5
23.Qb7b5 Bf5h3
24.Qb5d5 Rf8xf1
25.Kxf1 Bh3f5
26.Qd5f3 Bf5g4
27.Qf3e4 Qg5f5
28.Qe4xf5 Bg4xf5
29.a3 Kg6
30.b4 axb4
31.axb4 Kf7
32.b5 Ke7
33.b6 Kd8
34.Bb2a3 Kc8
35.h3 Kb7
36.Ba3f8 g5
37.Bf8xh6 g4
38.hxg4 Bf5xg4
39.Bh6g7 Kxb6
40.Bg7xe5 Kc5
41.Kf2 Kd5
42.Be5xd4 Kxd4
43.g3 Kc3
44.Ke3 Kxc2
45.d4 Kc3
46.Ke4 Kc4
47.Ke5 Kb5
48.Kd6 Kb6
49.Ke5 Kc6
50.Kf4 Bg4d7
51.Ke5 Bd7g4
52.Kf4 Bg4d7
53.g4 Bd7xg4
54.Kxg4 Kd5
55.Kf5 Kxd4
56.Kf4 { draw }
1/2-1/2

[Event "Tourn. n9169"]
[Site "www.chess-mail.com"]
[Date "2017.02.22"]
[Round "1"]
[White "Norlavuaram"]
[Black "Piriot"]
[WhiteElo "2170"]
[BlackElo "2139"]
[Result "0-1"]
[Round "1"]
1.e4 g6
2.c4 Bf8g7
3.d4 d6
4.Nb1c3 Ng8f6
5.Ng1f3 O-O
6.Bf1e2 e5
7.d5 a5
8.h3 Nf6h5
9.O-O Nb8a6
10.a3 Nh5f4
11.Bc1d2 Na6c5
12.Ra1b1 f5
13.exf5 Bc8xf5
14.Rb1a1 Nf4xe2
15.Nc3xe2 Bf5e4
16.Nf3g5 Be4d3
17.Ng5f3 Bd3xc4
18.Bd2e3 e4
19.Nf3g5 Rf8f5
20.Ng5e6 Nc5xe6
21.dxe6 Qd8e8
22.Ra1c1 Qe8xe6
23.Qd1c2 b5
24.Rf1d1 c5
25.Rd1e1 Bc4d3
26.Qc2d2 Bg7e5
27.Ne2f4 Be5xf4
28.Be3xf4 c4
29.b3 Qe6f6
30.Bf4g3 cxb3
31.Rc1c6 b2
{ resign }
0-1

[Event "Tourn. n9224"]
[Site "www.chess-mail.com"]
[Date "2017.02.22"]
[Round "1"]
[White "Attatroll"]
[Black "Awfen"]
[WhiteElo "1950"]
[BlackElo "2050"]
[Result "0-1"]
[Round "1"]
1.e4 Nb8c6
2.Ng1f3 e5
3.Bf1b5 d6
4.O-O Bc8d7
5.Nb1c3 Ng8f6
6.d3 Bf8e7
7.Bc1g5 O-O
8.a3 a6
9.Bb5a4 b5
10.Ba4b3 Bd7g4
11.h3 Bg4h5
12.Nc3d5 Nf6xd5
13.exd5 Be7xg5
14.Nf3xg5 Bh5xd1
15.dxc6 Qd8xg5
16.Ra1xd1 a5
17.Bb3d5 Kh8
18.Rf1e1 f5
19.Kh1 Ra8e8
20.Bd5f3 Qg5f6
21.Bf3d5 e4
22.dxe4 fxe4
23.Bd5xe4 Qf6xf2
24.Re1f1 Qf2h4
25.Rf1xf8 Re8xf8
26.Be4f3 Qh4f2
27.Rd1d3 Qf2xc2
{ resign }
0-1

[Event "Tourn. n9233"]
[Site "www.chess-mail.com"]
[Date "2017.02.22"]
[Round "1"]
[White "Jose"]
[Black "Nimzo"]
[WhiteElo "2780"]
[BlackElo "2650"]
[Result "1/2-1/2"]
[Round "1"]
1.Ng1f3 d5
2.c4 e6
3.d4 Ng8f6
4.Nb1c3 Bf8e7
5.Bc1f4 O-O
6.e3 c5
7.dxc5 Be7xc5
8.a3 Nb8c6
9.Qd1c2 Rf8e8
10.Bf4g5 Bc5e7
11.Ra1d1 Qd8a5
12.Bf1d3 h6
13.Bg5h4 dxc4
14.Bd3xc4 a6
15.O-O b5
16.Bc4a2 Bc8b7
17.Bh4xf6 Be7xf6
18.Nc3e4 Bf6e7
19.Rd1d7 Qa5b6
20.Ba2b1 g6
21.h4 Ra8c8
22.Ne4d6 Be7xd6
23.Rd7xd6 Re8d8
24.Rd6xd8 Qb6xd8
{ draw }
1/2-1/2

[Event "Tourn. n9112"]
[Site "www.chess-mail.com"]
[Date "2017.02.22"]
[Round "1"]
[White "Cal"]
[Black "Passaroa25"]
[WhiteElo "1510"]
[BlackElo "1570"]
[Result "0-1"]
[Round "1"]
1.Nb1c3 c6
2.e4 d6
3.d4 Nb8d7
4.Ng1f3 h6
5.h3 e6
6.Bf1d3 Ng8e7
7.a3 Ne7g6
8.O-O Bf8e7
9.b4 b5
10.Bc1e3 O-O
11.e5 a6
12.Nf3h2 f5
13.f4 Nd7b6
14.Nc3e2 Nb6d5
15.Be3f2 h5
16.Ne2g3 Ng6xf4
17.Bf2e3 Nd5xe3
18.Qd1f3 Ne3xf1
19.Nh2xf1 Nf4xd3
20.cxd3 h4
21.Ng3e2 d5
22.Ne2f4 Rf8f7
23.Qf3h5 Qd8e8
24.Nf4g6 Rf7f8
25.Qh5h8 Kf7
26.Qh8h5 Rf8g8
27.Nf1e3 Bc8d7
28.Ra1f1 a5
29.Ne3g4 Rg8h8
30.Ng6xh8 Kf8
31.Nh8g6 Kg8
32.Qh5h8 Kf7
33.Qh8h7 Qe8g8
34.Qh7h5 Ra8f8
35.Ng6xf8 Kxf8
36.bxa5 Bd7e8
37.a6 Be8xh5
38.Ng4e3 Bh5e2
39.Rf1f2 Be2xd3
40.Ne3g4 Kf7
41.Rf2f3 Bd3e4
42.Rf3f2 Kg6
43.Ng4e3 Be7xa3
44.a7 b4
45.Ne3g4 b3
46.Ng4e3 Kf7
47.Ne3d1 g5
48.Nd1c3 b2
49.Rf2f1 b1R
50.Rf1xb1 Qg8a8
51.Kf2 Qa8xa7
52.Rb1d1 Ba3b2
53.Nc3e2 Qa7a2
54.Rd1d2 Qa2b3
{ resign }
0-1

[Event "Match"]
[Site "www.echecsemail.com"]
[Date "2017.02.22"]
[Round "1"]
[White "Orae"]
[Black "Paco"]
[WhiteElo "1710"]
[BlackElo "1900"]
[Result "1-0"]
[Round "1"]
1.e4 e5
2.Bf1c4 Ng8f6
3.Nb1c3 Bf8c5
4.h3 d6
5.Ng1f3 O-O
6.d3 h6
7.Qd1e2 c6
8.Bc1d2 b5
9.Bc4b3 a5
10.a4 b4
11.Nc3d1 Bc8a6
12.c4 d5
13.Nf3xe5 dxe4
14.dxe4 Qd8d4
15.Ne5f3 Qd4d8
16.O-O Rf8e8
17.Bb3c2 Qd8b6
18.e5 Nf6d5
19.Bc2d3 Nd5f6
20.Bd2e3 Nf6d7
21.Be3xc5 Qb6xc5
22.Qe2e4 Nd7f6
23.Qe4e2 Nb8d7
24.Qe2c2 Nd7xe5
25.Nf3xe5 Re8xe5
26.Nd1e3 Ra8d8
27.b3 Ba6b7
28.Ra1d1 Rd8e8
29.Ne3f5 Nf6e4
30.Bd3xe4 Re5xe4
31.Nf5d6 Re4e7
32.Nd6xe8 Re7xe8
33.Rf1e1 Re8e6
34.Rd1d8 Qc5f8
35.Rd8xf8 Kxf8
36.Re1xe6 fxe6
37.c5 g5
38.Qc2g6 e5
39.Qg6xh6 Ke8
40.Qh6e6 { resign }
1-0

[Event "Match"]
[Site "www.echecsemail.com"]
[Date "2017.02.22"]
[Round "1"]
[White "Odin"]
[Black "Picifarkinca"]
[WhiteElo "1890"]
[BlackElo "1820"]
[Result "0-1"]
[Round "1"]
1.d4 Ng8f6
2.c4 e5
3.d5 Bf8c5
4.f3 d6
5.e4 Nf6xe4
6.fxe4 Qd8h4
7.Kd2 Qh4xe4
8.Ng1f3 Bc5e3
9.Kc3 Bc8g4
10.Bf1d3 Qe4f4
11.Bc1xe3 Qf4xe3
12.Rh1e1 Bg4xf3
13.gxf3 Qe3d4
14.Kd2 Qd4xb2
15.Ke3 Qb2xa1
16.Nb1d2 Qa1xd1
17.Re1xd1 Nb8d7
18.Nd2e4 Ke7
19.Ne4g3 Nd7c5
20.Bd3b1 g6
21.Ng3e4 Nc5xe4
22.fxe4 Rh8f8
23.Bb1c2 f5
24.exf5 gxf5
25.Rd1g1 Kf6
26.h4 Rf8g8
27.Rg1f1 f4
28.Ke4 Rg8g3
29.Bc2b3 Rg3e3
{ resign }
0-1

[Event "Match"]
[Site "www.echecsemail.com"]
[Date "2017.02.22"]
[Round "1"]
[White "Momahony"]
[Black "Yaw1"]
[WhiteElo "2199"]
[BlackElo "1809"]
[Result "1-0"]
[Round "1"]
1.d4 c5
2.e3 cxd4
3.exd4 e5
4.dxe5 Qd8a5
5.c3 Qa5xe5
6.Bf1e2 Bf8c5
7.Ng1f3 Qe5c7
8.O-O Ng8f6
9.Be2d3 O-O
10.Nb1d2 Nb8c6
11.Nd2b3 Bc5b6
12.Bc1g5 Nf6g4
13.Qd1e2 h6
14.Bg5h4 Nc6e5
15.Bh4g3 d6
16.Nb3d4 f5
17.Bg3f4 Ne5g6
18.Bf4d2 Bc8d7
19.Nd4e6 Bd7xe6
20.Qe2xe6 Qc7f7
21.Bd3xf5 Ng4xf2
22.Qe6xf7 Kxf7
23.Nf3d4 Bb6xd4
24.cxd4 Ng6h4
25.Rf1xf2 Nh4xf5
26.Rf2xf5  { time }
1-0

[Event "Match"]
[Site "www.echecsemail.com"]
[Date "2017.02.22"]
[Round "1"]
[White "Hundegana"]
[Black "Coraza8091"]
[WhiteElo "2050"]
[BlackElo "1480"]
[Result "1-0"]
[Round "1"]
1.f4 Ng8f6
2.d4 e6
3.c4 Bf8b4
4.Bc1d2 Qd8e7
5.c5 Bb4xd2
6.Qd1xd2 Nf6e4
7.Qd2e3 Ne4f6
8.g3 Nf6d5
9.Qe3d2 Nb8c6
10.a3 Qe7f6
11.Ng1f3 b6
12.Nb1c3 Nc6a5
13.Nc3xd5 exd5
14.Qd2c2 Na5c4
15.b3 Nc4e3
16.Qc2c3 Ne3f5
17.Ra1d1 O-O
18.Bf1g2 Qf6e7
19.Kf2 Bc8a6
20.Rh1e1 d6
21.c6 Ba6b5
22.a4 Bb5a6
23.Bg2h3 Nf5h6
24.b4 Ba6c4
25.Rd1d2 Qe7e8
26.b5 a6
27.Bh3d7 Qe8e7
28.e3 axb5
29.axb5 Bc4xb5
30.h3 Qe7f6
31.e4 Bb5c4
32.e5 dxe5
33.dxe5 Qf6e7
34.e6 Qe7c5
35.Qc3d4 Nh6f5
36.Qd4xc5 bxc5
37.e7 Nf5xe7
38.Re1xe7 d4
39.Nf3e5 Bc4e6
40.Bd7xe6 fxe6
41.Re7xc7 g5
42.Kf3 Ra8a3
43.Rd2d3 Ra3a1
44.Kg4 gxf4
45.gxf4 Ra1g1
46.Rd3g3 Rg1f1
47.Kh4 Kh8
48.Ne5f7 Rf8xf7
49.Rc7xf7 e5
50.Rf7f8 { resign }
1-0

[Event "Match"]
[Site "www.echecsemail.com"]
[Date "2017.02.22"]
[Round "1"]
[White "Yaw1"]
[Black "Calponas"]
[WhiteElo "1809"]
[BlackElo "2030"]
[Result "0-1"]
[Round "1"]
1.e4 c5
2.f4 d5
3.Nb1c3 d4
4.Nc3e2 Nb8c6
5.d3 Ng8f6
6.h3 e5
7.f5 Bf8e7
8.g4 Nf6xe4
9.dxe4 Be7h4
10.Kd2 Qd8g5
11.Kd3 Nc6b4
 { time }
0-1

[Event "Match"]
[Site "www.echecsemail.com"]
[Date "2017.02.22"]
[Round "1"]
[White "Yaw1"]
[Black "Krystek23"]
[WhiteElo "1809"]
[BlackElo "2340"]
[Result "0-1"]
[Round "1"]
1.c4 e5
2.Nb1c3 Ng8f6
3.e3 c6
4.d3 d5
5.d4 e4
6.cxd5 cxd5
7.Bf1b5 Nb8c6
8.Bb5xc6 bxc6
9.Ng1e2 Ra8b8
10.Qd1a4 Qd8c7
11.O-O Bf8d6
 { time }
0-1

[Event "Match"]
[Site "www.echecsemail.com"]
[Date "2017.02.22"]
[Round "1"]
[White "Biggles"]
[Black "Yaw1"]
[WhiteElo "2130"]
[BlackElo "1809"]
[Result "1-0"]
[Round "1"]
1.e4 e5
2.Ng1f3 Nb8c6
3.d4 d5
4.exd5 Qd8xd5
5.Nb1c3 Qd5a5
6.Bc1d2 exd4
7.Nc3b5 Bf8b4
8.c3 dxc3
9.bxc3 Bb4c5
10.Bf1c4 Bc8e6
11.Qd1e2 Nc6d8
12.O-O Ng8e7
13.Bc4xe6 Nd8xe6
14.c4 Qa5b6
15.Ra1d1 a6
16.Nb5c3 O-O-O
17.Nc3e4 Bc5b4
18.Bd2xb4 Rd8xd1
19.Bb4xe7 Rd1xf1
20.Qe2xf1 Rh8e8
21.Be7h4 Ne6d4
22.Nf3xd4 Re8xe4
23.Nd4f3 Qb6b2
24.Bh4g3 Qb2xa2
25.c5 Re4b4
26.h3 Rb4b1
27.Nf3e1 Qa2a1
28.f3 Qa1c3
29.Qf1e2 Qc3xc5
30.Kh2 Qc5f8
31.Qe2c2 c6
32.Qc2xb1 g6
33.Qb1b6  { time }
1-0

[Event "Match"]
[Site "www.echecsemail.com"]
[Date "2017.02.22"]
[Round "1"]
[White "Chapi"]
[Black "Darknight"]
[WhiteElo "2090"]
[BlackElo "1810"]
[Result "1-0"]
[Round "1"]
1.d4 d5
2.c4 e6
3.cxd5 exd5
4.Nb1c3 a6
5.Ng1f3 h6
6.Bc1f4 Ng8f6
7.e3 Nb8d7
8.Bf1d3 c6
9.O-O g5
10.Bf4g3 Nd7b6
11.Qd1b3 g4
12.Nf3e5 Rh8g8
13.Bg3h4 Bf8e7
14.e4 h5
15.exd5 cxd5
16.Bd3e4 Nf6xe4
17.Bh4xe7 Kxe7
18.Nc3xe4 f6
19.Qb3b4  { time }
1-0

[Event "1/128 Finale"]
[Site "www.chess-mail.com"]
[Date "2017.02.22"]
[Round "1"]
[White "Yaw1"]
[Black "Paulsyd"]
[WhiteElo "1809"]
[BlackElo "1949"]
[Result "0-1"]
[Round "1"]
1.e4 c5
2.c3 Ng8f6
3.d3 Nb8c6
4.Ng1f3 d6
5.g3 e5
6.h3 Bf8e7
7.Bc1e3 O-O
8.Nb1d2 d5
9.exd5 Nf6xd5
10.a3 f5
11.Qd1b3 f4
12.Nd2c4 fxe3
13.Nc4xe3 Bc8e6
14.Bf1g2 Nd5f4
15.Qb3xb7 Nf4xg2
16.Ne3xg2 Qd8xd3
17.Nf3d2 Be6d5
18.Rh1g1 Nc6b4
 { time }
0-1

[Event "1/64 Finale"]
[Site "www.chess-mail.com"]
[Date "2017.02.22"]
[Round "1"]
[White "Attatroll"]
[Black "Guidom"]
[WhiteElo "1970"]
[BlackElo "2050"]
[Result "1-0"]
[Round "1"]
1.e4 e5
2.Ng1f3 Nb8c6
3.Bf1b5 a6
4.Bb5a4 Ng8f6
5.Nb1c3 d6
6.O-O Bc8d7
7.d3 Bf8e7
8.Bc1d2 O-O
9.h3 b5
10.Ba4b3 Nc6d4
11.Nf3xd4 exd4
12.Nc3d5 c5
13.f4 Nf6xd5
14.Bb3xd5 Ra8b8
15.f5 Be7f6
16.Qd1g4 Qd8e7
17.Ra1e1 Bf6e5
18.Bd2g5 Be5f6
19.Bg5xf6 Qe7xf6
20.Qg4h5 Rb8e8
21.g4 Qf6e5
22.Re1e2 Qe5xd5
23.exd5 Re8xe2
24.g5 Re2e5
25.Qh5g4 Re5xd5
26.Qg4f3 Rd5xf5
27.Qf3b7 Rf5xf1
28.Kxf1 Bd7xh3
29.Kf2 f6
30.gxf6 Rf8xf6
31.Kg3 Bh3f5
32.Qb7xa6 b4
33.Qa6a8 Kf7
34.Qa8b7 Kg6
35.Qb7b8 h5
36.Qb8e8 Kg5
37.a4 bxa3
38.bxa3 h4
39.Kh2 Bf5g4
40.a4 Rf6f2
41.Kg1 Rf2xc2
42.Qe8e7 Kh5
43.Qe7xg7 h3
44.Qg7h7 Kg5
45.Qh7g7 Kf5
46.Qg7d7 Ke5
47.Qd7e7 Bg4e6
48.Qe7g7 Kd5
49.Qg7b7 Ke5
50.Qb7e4 Kf6
51.Qe4f4 Be6f5
52.Qf4xd6 Bf5e6
53.Qd6f4 Be6f5
54.a5 Rc2a2
55.Qf4d6 Kg5
56.Qd6xc5 Ra2a1
57.Kh2 Ra1a2
58.Kh1 Ra2a1
59.Kh2 Ra1a2
60.Kg3 h2
61.Qc5c1 Kf6
62.Qc1h6 Ke5
63.Qh6f4 Ke6
64.Qf4h6 Ke5
65.Qh6g7 Kd5
66.Qg7f7 Bf5e6
67.Qf7b7 Kd6
68.a6 h1Q
69.Qb7xh1 Ra2xa6
70.Qh1e4 Ra6a4
71.Qe4f4 Kc5
72.Qf4c7 Kd5
73.Qc7b7 Kc5
74.Qb7e7 Kd5
75.Qe7b7 Kc5
76.Kf4 Be6d5
77.Qb7e7 Kb5
78.Ke5 Bd5b3
79.Qe7b7 Ka5
80.Qb7xb3 Ra4b4
81.Qb3xb4 Kxb4
82.Kxd4 Kb5
83.Kd5 Kb6
84.d4 Kc7
85.Ke6 Kd8
86.d5 Ke8
87.d6 Kd8
88.d7 { resign }
1-0

[Event "Fast Game"]
[Site "www.echecsemail.com"]
[Date "2017.02.22"]
[Round "1"]
[White "Add"]
[Black "Ingauno64"]
[WhiteElo "1930"]
[BlackElo "1959"]
[Result "0-1"]
[Round "1"]
1.e4 Nb8c6
2.Ng1f3 Ng8f6
3.e5 Nf6g4
4.d4 d6
5.h3 Ng4h6
6.Bc1xh6 gxh6
7.Bf1b5 a6
8.Bb5xc6 bxc6
9.c3 Rh8g8
10.g4 h5
11.gxh5 Bc8f5
12.Qd1e2 Bf8h6
13.Nf3h4 Bf5xh3
14.Nb1d2 Bh3e6
15.O-O-O Be6xa2
16.Rh1g1 Rg8xg1
17.Rd1xg1 Ba2e6
18.Rg1g8 Bh6f8
19.Qe2e4 f5
{ resign }
0-1

[Event "Tourn. n9176"]
[Site "www.chess-mail.com"]
[Date "2017.02.23"]
[Round "1"]
[White "Awfen"]
[Black "Huw"]
[WhiteElo "2060"]
[BlackElo "2290"]
[Result "0-1"]
[Round "1"]
1.e4 e5
2.Ng1f3 Ng8f6
3.Nb1c3 Nb8c6
4.Bf1c4 Nf6xe4
5.Bc4xf7 Kxf7
6.Nc3xe4 h6
7.O-O Bf8e7
8.Nf3xe5 Nc6xe5
9.Qd1h5 Ne5g6
10.f4 d5
11.Ne4g3 Rh8f8
12.f5 Kg8
13.Qh5xg6 Rf8f6
14.Qg6h5 Be7c5
15.Kh1 Bc5d6
16.d4 Bd6xg3
17.hxg3 Qd8f8
18.g4 Bc8d7
19.c3 Ra8e8
20.Bc1f4 Bd7b5
21.Rf1f2 Re8e7
22.b3 Rf6c6
23.Ra1c1 Qf8e8
24.Qh5h4 Re7e1
25.Rc1xe1 Qe8xe1
26.Kh2 Qe1xc3
27.Qh4d8 Kh7
28.Qd8xd5 Qc3e1
29.Bf4g3 Rc6c1
30.Bg3h4 Qe1h1
31.Kg3 Rc1c3
32.Rf2f3 Bb5c6
{ resign }
0-1

[Event "Tourn. n9224"]
[Site "www.chess-mail.com"]
[Date "2017.02.23"]
[Round "1"]
[White "Attatroll"]
[Black "Yaw1"]
[WhiteElo "1970"]
[BlackElo "2149"]
[Result "1-0"]
[Round "1"]
1.e4 c5
2.Nb1c3 g6
3.g4 e6
4.Bf1g2 Bf8g7
5.d3 b5
6.Nc3xb5 Qd8a5
7.Nb5c3 Bg7xc3
8.bxc3 Qa5xc3
9.Bc1d2 Qc3e5
10.Ng1f3 Qe5c7
11.Bd2c3 Bc8b7
12.Bc3xh8 f6
13.g5  { time }
1-0

[Event "Tourn. n9172"]
[Site "www.chess-mail.com"]
[Date "2017.02.23"]
[Round "1"]
[White "Rovaniaina"]
[Black "Milkyway"]
[WhiteElo "1919"]
[BlackElo "1920"]
[Result "0-1"]
[Round "1"]
1.e4 e5
2.f4 d5
3.exd5 Qd8xd5
4.Nb1c3 Qd5d8
5.fxe5 Nb8c6
6.Bf1b5 Bc8d7
7.d4 Bf8b4
8.Ng1e2 Ng8e7
9.Bc1g5 a6
10.Bb5d3 h6
11.Bg5h4 O-O
12.O-O Rf8e8
13.Bd3c4 Re8f8
14.a3 Bb4xc3
15.Ne2xc3 b5
16.Bc4d5 Ra8b8
 { time }
0-1

[Event "Tourn. n9244"]
[Site "www.chess-mail.com"]
[Date "2017.02.23"]
[Round "1"]
[White "Luban"]
[Black "Faerieking"]
[WhiteElo "2130"]
[BlackElo "2190"]
[Result "1-0"]
[Round "1"]
1.d4 Ng8f6
2.c4 e6
3.a3 b6
4.e3 Bc8b7
5.Ng1f3 c5
6.h3 d5
7.Nb1c3 Bf8d6
8.Bf1e2 cxd4
9.exd4 dxc4
10.Be2xc4 O-O
11.O-O Nb8d7
12.Rf1e1 Ra8c8
13.Bc4a2 Bd6b8
14.Nf3g5 Qd8c7
15.g3 Qc7c6
16.d5 exd5
17.Ba2b1 h6
18.Ng5f3 d4
19.Nc3e4 Rf8e8
20.Nf3xd4 Qc6d5
21.Bb1a2 Qd5a5
22.b4 Qa5a6
23.b5 Qa6a5
24.Bc1d2 Qa5xa3
25.Ne4xf6 Nd7xf6
26.Re1xe8 { resign }
1-0

[Event "Tourn. n9253"]
[Site "www.chess-mail.com"]
[Date "2017.02.23"]
[Round "1"]
[White "Roque1"]
[Black "Balbyns"]
[WhiteElo "1860"]
[BlackElo "1750"]
[Result "0-1"]
[Round "1"]
1.e4 Nb8c6
2.d4 d5
3.Nb1c3 e5
4.dxe5 d4
5.Nc3d5 Bc8e6
6.Bf1c4 Nc6xe5
7.Qd1xd4 Ne5xc4
8.Qd4xc4 c6
9.Qc4a4 b5
10.Qa4a6 cxd5
11.Qa6xb5 Qd8d7
12.Qb5xd7 Kxd7
13.exd5 Be6xd5
14.Ng1f3 Bf8c5
15.Bc1g5 f6
16.O-O-O Ng8e7
17.Bg5f4 Ke8
18.Rd1d2 Kf7
19.Rh1d1 Bd5e6
20.Bf4d6 Bc5xd6
21.Rd2xd6 Ra8c8
22.b3 Rc8c3
23.Nf3d4 Be6g4
24.f3 Bg4f5
25.Nd4xf5 Ne7xf5
26.Rd6d7 Kg6
27.Rd7xa7 Nf5e3
28.Rd1d2 Rh8c8
29.Ra7e7 Ne3xc2
30.Kb2 Nc2e3
31.Rd2e2 Ne3d1
32.Ka3 Rc3c6
33.Re7a7 Nd1c3
34.Ra7xg7 Kxg7
35.Re2e7 Kg6
36.b4 Rc8a8
37.Kb3 Nc3xa2
38.b5 Rc6b6
39.Kc4 Ra8c8
40.Kb3 Rb6xb5
41.Kxa2 Rc8a8
{ resign }
0-1

[Event "Tourn. n9197"]
[Site "www.chess-mail.com"]
[Date "2017.02.23"]
[Round "1"]
[White "Darko10"]
[Black "Asoka"]
[WhiteElo "2650"]
[BlackElo "2720"]
[Result "1-0"]
[Round "1"]
1.d4 Ng8f6
2.c4 e6
3.Ng1f3 b6
4.g3 Bc8b7
5.Bf1g2 Bf8e7
6.O-O O-O
7.Nb1c3 Nf6e4
8.Qd1d3 Ne4xc3
9.Qd3xc3 a5
10.Rf1d1 d6
11.Qc3d3 f5
12.Nf3e1 Bb7xg2
13.Ne1xg2 Qd8d7
14.Ng2f4 g5
15.Nf4h3 h6
16.f4 g4
17.Nh3f2 d5
18.Bc1d2 Nb8c6
19.Ra1c1 h5
20.cxd5 exd5
21.h3 gxh3
22.Nf2xh3 Be7f6
23.e3 Nc6b4
24.Qd3e2 Nb4xa2
25.Rc1c2 Kg7
26.Nh3f2 Na2b4
27.Bd2xb4 axb4
28.Qe2xh5 Rf8h8
29.Qh5f3 b3
30.Rc2c1 Rh8h6
31.Rd1d3 Rh6g6
32.Rd3xb3 Ra8g8
33.Nf2h1 Rg8e8
34.Kg2 Kf7
35.Rb3a3 Re8g8
36.b4 Bf6d8
37.Ra3c3 c6
38.Rc1a1 Kf6
39.Rc3a3 Qd7e7
40.b5 Qe7e6
41.bxc6 Qe6xc6
42.Qf3e2 Qc6e6
43.Ra1c1 Qe6e4
44.Qe2f3 Ke7
45.Qf3xe4 dxe4
46.Ra3a7 Kd6
47.Ra7h7 Rg6g4
48.Kh3 Rg8f8
49.Nh1f2 Rg4g8
50.Kg2 Rf8e8
51.Rh7h5 Rg8f8
52.g4 fxg4
53.d5 { resign }
1-0

[Event "Tourn. n9208"]
[Site "www.chess-mail.com"]
[Date "2017.02.23"]
[Round "1"]
[White "Falcoale"]
[Black "Cernunnoss"]
[WhiteElo "1870"]
[BlackElo "1950"]
[Result "0-1"]
[Round "1"]
1.e4 d5
2.exd5 Qd8xd5
3.Nb1c3 Qd5a5
4.d4 c6
5.Ng1f3 Ng8f6
6.Bc1d2 Bc8f5
7.Bf1e2 e6
8.Nc3e4 Qa5d8
9.Ne4g3 Bf5g6
10.c3 Nb8d7
11.O-O Bf8e7
12.Nf3h4 Qd8c7
13.Nh4xg6 hxg6
14.Be2d3 O-O-O
15.a4 Nd7c5
16.Bd3c2 Nc5e4
17.Ng3xe4 Qc7xh2
{ resign }
0-1

[Event "Tourn. n9021"]
[Site "www.chess-mail.com"]
[Date "2017.02.23"]
[Round "1"]
[White "Genius3"]
[Black "Falcoale"]
[WhiteElo "1620"]
[BlackElo "1700"]
[Result "0-1"]
[Round "1"]
1.d4 Ng8f6
2.c4 e6
3.Ng1f3 b6
4.a3 Bc8b7
5.g3 d5
6.Bf1g2 dxc4
7.Qd1a4 c6
8.Qa4xc4 Bf8e7
9.O-O Bb7a6
10.Qc4c2 O-O
11.Nb1c3 Nf6d5
12.Nc3xd5 exd5
13.Bc1f4 Qd8c8
14.Bf4xb8 Ra8xb8
15.Rf1e1 Rf8e8
16.e3 c5
17.dxc5 bxc5
18.Ra1d1 Be7f6
19.Rd1b1 Re8e4
20.Re1d1 Ba6b7
21.Rb1c1 Bb7a8
22.Nf3d2 Re4e8
23.Nd2f3 Re8d8
24.h3 Bf6xb2
25.Rc1b1 Bb2xa3
26.Nf3g5 g6
27.h4 Rb8xb1
28.Rd1xb1 Ba3b4
29.h5 a5
30.hxg6 hxg6
31.Bg2h3 Qc8c6
32.Bh3g2 Qc6f6
33.Ng5h3 Ba8c6
34.Nh3f4 a4
35.Rb1d1 a3
36.Nf4xd5 Bc6xd5
37.Bg2xd5 Qf6g5
38.e4 Rd8b8
39.Qc2e2 Rb8e8
40.Qe2c4 Qg5e7
41.Rd1b1 Re8f8
42.Rb1a1 Qe7f6
43.Ra1f1 Rf8c8
44.Rf1d1 Kg7
45.Qc4c2 Qf6b2
46.Qc2xb2 axb2
47.Rd1b1 Bb4a3
48.Kf1 c4
49.Ke2 c3
50.Kd3 c2
{ resign }
0-1

[Event "Tourn. n9180"]
[Site "www.chess-mail.com"]
[Date "2017.02.23"]
[Round "1"]
[White "Andychesston"]
[Black "Falcoale"]
[WhiteElo "1990"]
[BlackElo "1880"]
[Result "1-0"]
[Round "1"]
1.e4 c5
2.Ng1f3 e6
3.d4 cxd4
4.Nf3xd4 Nb8c6
5.Nb1c3 a6
6.Bc1f4 h6
7.Bf1c4 b5
8.Nd4xc6 dxc6
9.Qd1xd8 Kxd8
10.Ra1d1 Bc8d7
11.Bc4b3 Ng8f6
12.f3 Bf8e7
13.e5 Nf6h5
14.Bf4e3 g5
15.g3 Nh5g7
16.Be3b6 Kc8
17.Nc3e4 Ng7f5
18.g4 Nf5e3
19.Bb6xe3 Rh8d8
20.Be3b6 Rd8e8
21.O-O Kb7
22.Bb6a5 Bd7c8
23.Ne4d6 Be7xd6
24.Rd1xd6 Re8e7
25.Rf1d1 Re7e8
26.a4 Re8h8
27.Rd6d8 Rh8xd8
28.Rd1xd8 bxa4
29.Bb3xa4 { resign }
1-0

[Event "Tourn. n9201"]
[Site "www.chess-mail.com"]
[Date "2017.02.23"]
[Round "1"]
[White "Osopanda"]
[Black "Bojan"]
[WhiteElo "2030"]
[BlackElo "2020"]
[Result "1-0"]
[Round "1"]
1.d4 d5
2.c4 Bc8f5
3.cxd5 Qd8xd5
4.Ng1f3 Nb8c6
5.Nb1c3 h6
6.Nc3xd5 O-O-O
7.Nd5c3 e5
8.d5 e4
9.Nf3d4 Nc6xd4
10.Qd1xd4 a6
11.Bc1f4 Ng8e7
12.O-O-O Rh8g8
13.e3 Ne7c6
14.dxc6 Rd8xd4
15.cxb7 Kxb7
16.Rd1xd4 Bf8c5
17.Rd4d5 Bc5xe3
18.fxe3 Bf5e6
19.Rd5d4 f5
20.Bf1c4 Rg8e8
21.Bc4xe6 Re8xe6
22.Rd4d7 { resign }
1-0

[Event "Tourn. n9150"]
[Site "www.chess-mail.com"]
[Date "2017.02.23"]
[Round "1"]
[White "Yangqi"]
[Black "Szustan"]
[WhiteElo "2710"]
[BlackElo "2660"]
[Result "1-0"]
[Round "1"]
1.e4 e5
2.Ng1f3 Nb8c6
3.d4 exd4
4.Nf3xd4 Nc6xd4
5.Qd1xd4 d6
6.Nb1c3 Ng8f6
7.Bc1g5 Bf8e7
8.O-O-O O-O
9.Bf1c4 Nf6e8
10.Bg5xe7 Qd8xe7
11.Nc3d5 Qe7d8
12.f4 a6
13.Bc4e2 Ne8f6
14.Nd5c3 Bc8e6
15.Rh1g1 b5
16.a3 Be6g4
17.Be2xg4 Nf6xg4
18.h3 Ng4f6
19.g4 Kh8
20.g5 Nf6h5
21.f5 Rf8e8
22.Qd4d3 Qd8d7
23.Nc3d5 Ra8d8
24.Qd3f3 c6
25.Nd5e3 Qd7a7
26.Rg1e1 g6
27.Ne3g4 Qa7c5
28.Ng4h6 Re8f8
29.e5 d5
30.f6 Rd8d7
31.b4 Qc5c4
32.Nh6xf7 Rf8xf7
33.e6 { resign }
1-0

[Event "Tourn. n9226"]
[Site "www.chess-mail.com"]
[Date "2017.02.23"]
[Round "1"]
[White "Yaw1"]
[Black "Greghghs"]
[WhiteElo "2259"]
[BlackElo "2470"]
[Result "0-1"]
[Round "1"]
1.d4 d5
2.Nb1c3 Ng8f6
3.Bc1f4 c5
4.g3 cxd4
5.Bf4xb8 dxc3
6.Bb8e5 cxb2
7.Be5xb2 Qd8a5
8.Qd1d2 Qa5xd2
9.Kxd2 Nf6e4
10.Ke1 e5
11.Bb2xe5 Bf8b4
12.c3 Ne4xc3
13.Ng1f3 Nc3e4
14.Kd1 Ne4xf2
15.Kc1 Nf2xh1
 { time }
0-1

[Event "Match"]
[Site "www.echecsemail.com"]
[Date "2017.02.23"]
[Round "1"]
[White "Ericleo1980"]
[Black "Pellix84"]
[WhiteElo "2260"]
[BlackElo "1970"]
[Result "1-0"]
[Round "1"]
1.e4 c5
2.Ng1f3 d6
3.d4 cxd4
4.Nf3xd4 Ng8f6
5.Nb1c3 a6
6.Bc1e3 e5
7.Nd4b3 Bc8e6
8.f3 Bf8e7
9.Qd1d2 b5
10.g4 O-O
11.O-O-O Qd8c7
12.g5 Nf6h5
13.Rh1g1 Nb8d7
14.h4 Ra8c8
15.Kb1 Nd7b6
16.Qd2f2 Nb6c4
17.Bf1xc4 bxc4
18.Be3b6 Qc7b8
19.Nb3c1 Nh5f4
20.Qf2e3 Rc8c6
21.Nc3a4 Rf8c8
22.Bb6a5 Qb8b5
23.Na4b6 c3
24.Nc1b3 Be6xb3
25.axb3 Rc8b8
26.Nb6d5 Kf8
27.Ba5xc3 Nf4e2
28.Rg1e1 Ne2xc3
29.Nd5xc3 Qb5b4
30.Qe3a7 Rc6b6
31.Nc3d5 Rb6b7
32.Qa7xb8 Rb7xb8
33.Nd5xb4 Rb8xb4
34.Rd1d5 f6
35.gxf6 gxf6
36.Rd5a5 Rb4b6
37.h5 h6
38.Re1g1 Kf7
39.Rg1g6 Be7f8
40.Ka2 Rb6c6
41.c3 Rc6b6
42.b4 { resign }
1-0